|
|
|
|
| LEADER |
01487nam a2200325 i 4500 |
| 001 |
32329 |
| 003 |
BD-DhAAL |
| 005 |
20180514151240.0 |
| 008 |
171203s2010 bg a 000 0 beno |
| 999 |
|
|
|c 38689
|d 38689
|
| 020 |
|
|
|a 9789848837924
|
| 037 |
|
|
|b Development Book Agency
|
| 040 |
|
|
|a BD-DhAAL
|
| 050 |
0 |
0 |
|a ND1010.8.B33
|b C662 2010
|
| 082 |
|
|
|a 954.92
|
| 100 |
1 |
|
|a চৌধুরী, স্বপন
|d ১৯৪৮-
|9 24145
|
| 240 |
1 |
0 |
|a Paintings
|k Selections
|
| 245 |
1 |
0 |
|a একাত্তরের চিত্রগুচ্ছ /
|c স্বপন চৌধুরী
|
| 246 |
3 |
1 |
|a Ekattorer chitroguchho
|
| 260 |
|
|
|a ঢাকা :
|b শুদ্ধস্বর,
|c ২০১০
|
| 300 |
|
|
|a ১৬০ পৃষ্ঠা :
|b চিত্র ;
|c ২৭ সে.মি.
|
| 520 |
|
|
|a Paintings chiefly depicting the struggle during 1971 liberation war of Bangladesh.
|
| 526 |
|
|
|a AAL
|
| 541 |
|
|
|a AAL
|e 32329
|
| 546 |
|
|
|a In Bengali.
|
| 651 |
|
0 |
|a Bangladesh
|x History
|y Revolution, 1971
|9 24147
|
| 852 |
|
|
|a Ayesha Abed Library
|c Bangabandhu Corner
|
| 942 |
|
|
|2 ddc
|c BK
|
| 952 |
|
|
|0 0
|1 0
|2 ddc
|4 0
|6 954_920000000000000_CHO
|7 0
|9 62082
|a BRACUL
|b BRACUL
|c BNC
|d 2017-11-30
|e Development Book Agency
|g 1800.00
|l 0
|o 954.92 CHO
|p 3010032329
|r 2017-11-30
|t 2
|v 2000.00
|w 2017-11-30
|y BK
|
| 952 |
|
|
|0 0
|1 0
|2 ddc
|4 0
|6 954_920000000000000_CHO
|7 0
|9 62083
|a BRACUL
|b BRACUL
|c BNC
|d 2017-11-30
|e Development Book Agency
|g 1800.00
|l 2
|o 954.92 CHO
|p 3010032328
|r 2022-11-09
|s 2022-11-09
|t 1
|v 2000.00
|w 2017-11-30
|y BK
|